<?xml version="1.0" encoding="UTF-8"?>
<record
    xmlns:xsi="http://www.w3.org/2001/XMLSchema-instance"
    xsi:schemaLocation="http://www.loc.gov/MARC21/slim http://www.loc.gov/standards/marcxml/schema/MARC21slim.xsd"
    xmlns="http://www.loc.gov/MARC21/slim">

  <leader>02720nam a22002537a 4500</leader>
  <controlfield tag="003">NALT</controlfield>
  <controlfield tag="005">20260123140825.0</controlfield>
  <controlfield tag="008">230920b        th ||||| |||| 00| 0 tha d</controlfield>
  <datafield tag="020" ind1=" " ind2=" ">
    <subfield code="a">9786163875129</subfield>
  </datafield>
  <datafield tag="040" ind1=" " ind2=" ">
    <subfield code="a">NALT</subfield>
  </datafield>
  <datafield tag="050" ind1=" " ind2=" ">
    <subfield code="a">DP 43.2</subfield>
    <subfield code="b">&#xE23;941&#xE23; 2557</subfield>
  </datafield>
  <datafield tag="100" ind1="0" ind2=" ">
    <subfield code="9">50054</subfield>
    <subfield code="a">&#xE42;&#xE23;&#xE21; &#xE17;&#xE35;&#xE1B;&#xE30;&#xE1B;&#xE32;&#xE25;</subfield>
  </datafield>
  <datafield tag="245" ind1="1" ind2="0">
    <subfield code="a">Real madrid &#xE15;&#xE30;&#xE25;&#xE38;&#xE22;&#xE40;&#xE21;&#xE37;&#xE2D;&#xE07;&#xE01;&#xE23;&#xE30;&#xE17;&#xE34;&#xE07;&#xE14;&#xE38; /</subfield>
    <subfield code="c">&#xE42;&#xE23;&#xE21; &#xE17;&#xE35;&#xE1B;&#xE30;&#xE1B;&#xE32;&#xE25;.</subfield>
  </datafield>
  <datafield tag="250" ind1=" " ind2=" ">
    <subfield code="a">&#xE1E;&#xE34;&#xE21;&#xE1E;&#xE4C;&#xE04;&#xE23;&#xE31;&#xE49;&#xE07;&#xE17;&#xE35;&#xE48; 1.</subfield>
  </datafield>
  <datafield tag="260" ind1=" " ind2=" ">
    <subfield code="a">&#xE01;&#xE23;&#xE38;&#xE07;&#xE40;&#xE17;&#xE1E;&#xE2F; :</subfield>
    <subfield code="b">&#xE2D;&#xE21;&#xE23;&#xE34;&#xE19;&#xE17;&#xE23;&#xE4C;&#xE17;&#xE48;&#xE2D;&#xE07;&#xE42;&#xE25;&#xE01; &#xE2D;&#xE21;&#xE23;&#xE34;&#xE19;&#xE17;&#xE23;&#xE4C;&#xE1E;&#xE23;&#xE34;&#xE49;&#xE19;&#xE15;&#xE34;&#xE49;&#xE07;&#xE41;&#xE2D;&#xE19;&#xE14;&#xE4C;&#xE1E;&#xE31;&#xE1A;&#xE25;&#xE34;&#xE0A;&#xE0A;&#xE34;&#xE48;&#xE07;,</subfield>
    <subfield code="c">2557.</subfield>
  </datafield>
  <datafield tag="300" ind1=" " ind2=" ">
    <subfield code="a">191 &#xE2B;&#xE19;&#xE49;&#xE32; :</subfield>
    <subfield code="b">&#xE20;&#xE32;&#xE1E;&#xE1B;&#xE23;&#xE30;&#xE01;&#xE2D;&#xE1A; ;</subfield>
    <subfield code="c">21 &#xE0B;&#xE21;.</subfield>
  </datafield>
  <datafield tag="505" ind1="0" ind2=" ">
    <subfield code="a">&#xE23;&#xE39;&#xE49;&#xE08;&#xE31;&#xE01;&#xE2A;&#xE40;&#xE1B;&#xE19; -- 5 &#xE2A;&#xE34;&#xE48;&#xE07;&#xE2B;&#xE49;&#xE32;&#xE21;&#xE1E;&#xE25;&#xE32;&#xE14;&#xE40;&#xE21;&#xE37;&#xE48;&#xE2D;&#xE21;&#xE32;&#xE40;&#xE22;&#xE37;&#xE2D;&#xE19;&#xE21;&#xE32;&#xE14;&#xE23;&#xE34;&#xE14; -- &#xE01;&#xE32;&#xE23;&#xE40;&#xE14;&#xE34;&#xE19;&#xE17;&#xE32;&#xE07; -- &#xE27;&#xE35;&#xE0B;&#xE48;&#xE32; -- &#xE08;&#xE32;&#xE01;&#xE44;&#xE17;&#xE22;&#xE44;&#xE1B;&#xE21;&#xE32;&#xE14;&#xE23;&#xE34;&#xE14; -- &#xE01;&#xE32;&#xE23;&#xE40;&#xE14;&#xE34;&#xE19;&#xE17;&#xE32;&#xE07;&#xE43;&#xE19;&#xE15;&#xE31;&#xE27;&#xE40;&#xE21;&#xE37;&#xE2D;&#xE07; -- &#xE15;&#xE31;&#xE4B;&#xE27;&#xE42;&#xE14;&#xE22;&#xE2A;&#xE32;&#xE23;&#xE41;&#xE1A;&#xE1A;&#xE1E;&#xE34;&#xE40;&#xE28;&#xE29; -- &#xE40;&#xE17;&#xE35;&#xE48;&#xE22;&#xE27;&#xE21;&#xE32;&#xE14;&#xE23;&#xE34;&#xE14; -- &#xE22;&#xE48;&#xE32;&#xE19;&#xE1B;&#xE27;&#xE22;&#xE23;&#xE4C;&#xE15;&#xE32;&#xE40;&#xE14;&#xE25;&#xE42;&#xE0B;&#xE25; -- &#xE22;&#xE48;&#xE32;&#xE19;&#xE16;&#xE19;&#xE19;&#xE1B;&#xE23;&#xE32;&#xE42;&#xE14; -- &#xE2A;&#xE16;&#xE32;&#xE19;&#xE17;&#xE35;&#xE48;&#xE17;&#xE48;&#xE2D;&#xE07;&#xE40;&#xE17;&#xE35;&#xE48;&#xE22;&#xE27;&#xE19;&#xE2D;&#xE01;&#xE15;&#xE31;&#xE27;&#xE40;&#xE21;&#xE37;&#xE2D;&#xE07; -- &#xE17;&#xE48;&#xE2D;&#xE07;&#xE21;&#xE32;&#xE14;&#xE23;&#xE34;&#xE14;&#xE22;&#xE32;&#xE21;&#xE23;&#xE32;&#xE15;&#xE23;&#xE35; -- Spain's Signature Show : &#xE01;&#xE32;&#xE23;&#xE41;&#xE02;&#xE48;&#xE07;&#xE02;&#xE31;&#xE19;&#xE2A;&#xE39;&#xE49;&#xE27;&#xE31;&#xE27;&#xE01;&#xE23;&#xE30;&#xE17;&#xE34;&#xE07; : &#xE23;&#xE30;&#xE1A;&#xE33;&#xE1F;&#xE25;&#xE32;&#xE40;&#xE21;&#xE07;&#xE42;&#xE01; -- &#xE2D;&#xE34;&#xE48;&#xE21;&#xE2D;&#xE23;&#xE48;&#xE2D;&#xE22;&#xE43;&#xE19;&#xE40;&#xE21;&#xE37;&#xE2D;&#xE07;&#xE2B;&#xE25;&#xE27;&#xE07; -- &#xE0A;&#xE47;&#xE2D;&#xE1B;&#xE1B;&#xE34;&#xE49;&#xE07;&#xE2D;&#xE30;&#xE44;&#xE23;&#xE43;&#xE19;&#xE21;&#xE32;&#xE14;&#xE23;&#xE34;&#xE14; -- &#xE19;&#xE2D;&#xE19;&#xE2A;&#xE1A;&#xE32;&#xE22;&#xE23;&#xE32;&#xE04;&#xE32;&#xE40;&#xE1A;&#xE32;&#xE46; -- &#xE17;&#xE48;&#xE2D;&#xE07;&#xE40;&#xE21;&#xE37;&#xE2D;&#xE07;&#xE21;&#xE23;&#xE14;&#xE01;&#xE42;&#xE25;&#xE01;&#xE43;&#xE01;&#xE25;&#xE49;&#xE40;&#xE04;&#xE35;&#xE22;&#xE07; -- &#xE01;&#xE32;&#xE23;&#xE40;&#xE14;&#xE34;&#xE19;&#xE17;&#xE32;&#xE07;&#xE08;&#xE32;&#xE01;&#xE21;&#xE32;&#xE14;&#xE23;&#xE34;&#xE14;&#xE44;&#xE1B;&#xE40;&#xE21;&#xE37;&#xE2D;&#xE07;&#xE2D;&#xE37;&#xE48;&#xE19;&#xE46; -- &#xE42;&#xE15;&#xE40;&#xE25;&#xE42;&#xE14; (Toledo) -- &#xE40;&#xE0B;&#xE42;&#xE01;&#xE40;&#xE27;&#xE35;&#xE22; (Segovia) -- &#xE2D;&#xE32;&#xE1A;&#xE35;&#xE25;&#xE32; (Avila) -- &#xE40;&#xE02;&#xE15;&#xE1E;&#xE23;&#xE30;&#xE23;&#xE32;&#xE0A;&#xE10;&#xE32;&#xE19;&#xE2D;&#xE32;&#xE23;&#xE31;&#xE19;&#xE40;&#xE04;&#xE27;&#xE0B; (Real Sitio de Aranjuez) -- &#xE40;&#xE02;&#xE15;&#xE1E;&#xE23;&#xE30;&#xE23;&#xE32;&#xE0A;&#xE10;&#xE32;&#xE19;&#xE0B;&#xE32;&#xE19;&#xE42;&#xE25;&#xE40;&#xE23;&#xE19;&#xE42;&#xE0B;&#xE40;&#xE14;&#xE40;&#xE2D;&#xE25;&#xE40;&#xE2D;&#xE2A;&#xE42;&#xE01;&#xE40;&#xE23;&#xE35;&#xE22;&#xE25; (Real Sitio de San Lorenzo de El Escorial) -- &#xE2D;&#xE31;&#xE25;&#xE01;&#xE32;&#xE25;&#xE32;&#xE40;&#xE14;&#xE40;&#xE2D;&#xE19;&#xE32;&#xE40;&#xE23;&#xE2A; (Alcala de Henares).</subfield>
  </datafield>
  <datafield tag="650" ind1=" " ind2="0">
    <subfield code="a">&#xE01;&#xE32;&#xE23;&#xE40;&#xE14;&#xE34;&#xE19;&#xE17;&#xE32;&#xE07;</subfield>
    <subfield code="9">11211</subfield>
  </datafield>
  <datafield tag="651" ind1=" " ind2="4">
    <subfield code="9">6425</subfield>
    <subfield code="a">&#xE2A;&#xE40;&#xE1B;&#xE19;</subfield>
    <subfield code="x">&#xE20;&#xE39;&#xE21;&#xE34;&#xE1B;&#xE23;&#xE30;&#xE40;&#xE17;&#xE28;&#xE41;&#xE25;&#xE30;&#xE01;&#xE32;&#xE23;&#xE17;&#xE48;&#xE2D;&#xE07;&#xE40;&#xE17;&#xE35;&#xE48;&#xE22;&#xE27;</subfield>
  </datafield>
  <datafield tag="850" ind1=" " ind2=" ">
    <subfield code="a">NALT</subfield>
  </datafield>
  <datafield tag="942" ind1=" " ind2=" ">
    <subfield code="2">lcc</subfield>
    <subfield code="c">GB</subfield>
  </datafield>
  <datafield tag="996" ind1=" " ind2=" ">
    <subfield code="a">kornsiririn.r</subfield>
    <subfield code="b">CATSTF	</subfield>
    <subfield code="c">2023-09-20</subfield>
  </datafield>
  <datafield tag="999" ind1=" " ind2=" ">
    <subfield code="c">103189</subfield>
    <subfield code="d">103189</subfield>
  </datafield>
  <datafield tag="998" ind1=" " ind2=" ">
    <subfield code="h">7560</subfield>
    <subfield code="j">1020</subfield>
    <subfield code="k"> &#xE19;&#xE32;&#xE07;&#xE08;&#xE33;&#xE40;&#xE23;&#xE35;&#xE22;&#xE07;  &#xE23;&#xE30;&#xE27;&#xE31;&#xE07;&#xE2A;&#xE33;&#xE42;&#xE23;&#xE07;</subfield>
  </datafield>
  <datafield tag="952" ind1=" " ind2=" ">
    <subfield code="0">0</subfield>
    <subfield code="1">0</subfield>
    <subfield code="2">lcc</subfield>
    <subfield code="4">0</subfield>
    <subfield code="7">0</subfield>
    <subfield code="8">CSEN</subfield>
    <subfield code="a">NALT</subfield>
    <subfield code="b">NALT</subfield>
    <subfield code="c">GEN</subfield>
    <subfield code="d">2023-09-20</subfield>
    <subfield code="l">1</subfield>
    <subfield code="m">1</subfield>
    <subfield code="o">DP 43.2 &#xE23;941&#xE23; 2557</subfield>
    <subfield code="p">0100009810001</subfield>
    <subfield code="r">2024-09-16 00:00:00</subfield>
    <subfield code="s">2024-09-02</subfield>
    <subfield code="w">2023-09-20</subfield>
    <subfield code="y">GB</subfield>
  </datafield>
</record>
